000 00601nam a2200205Ii 4500
001 6070
003 CO-ViMGA
008 241108s9999||||xx |||||||||||||| ||und||
040 _aCO-ViMGA
_bspa
_erda
_cCO-ViMGA
041 0 _aunk
082 0 4 _aC861.6-M516p
100 1 _aDavid Mejía Velilla
_954105
245 1 0 _aPaisajes claroscuros
264 1 _a[Lugar de publicación no identificado] : Tercer Mundo, 1964
300 _avolumen
336 _atext
_btxt
_2rdacontent
337 _aunmediated
_bn
_2rdamedia
338 _avolume
_bnc
_2rdacarrier
940 _aidficha_siabuc: 5923. -- ficha_no_siabuc:6070
999 _c50967
_d50967